000 00526 a2200205 4500
005 20260415105948.0
008 260415b |||||||| |||| 00| 0 eng d
020 _a9789349057241
_cRs. 595.00
040 _aMAIN
082 _a647.94
_bR636R
100 _a Rohan, J
110 _a J, Rohan
245 _aRevenue management in hotel industry
260 _bCBS Publishers
_c2026
_aNew Delhi
300 _axii, 139
650 _aHotel Management
650 _aPublic Household
650 _aHotel Industry
942 _cBK
999 _c395619
_d395619